Poirot Murderers - Statistics

General Stats
  • This quiz has been taken 106 times
    105 since last reset
  • The average score is 8 of 17
Answer Stats
Book Murder Victim Murderer % Correct
Murder on the Orient Express Samuel Ratchet Everybody
84%
Death on the Nile Linette Doyle Simon Doyle
78%
Curtain Stephen Norton/X Hercule Poirot
74%
The A.B.C Murders Sir Carmichael Clark Franklin Clark
58%
Five Little Pigs Amyas Crale Elsa Greer
56%
Lord Edgware Dies Lord Edgware Jane Wilkinson
56%
Peril at End House Maggie Buckley Magdala "Nick" Buckley
53%
Cards On the Table Mr. Shaitana Dr. Geoffrey Roberts
42%
The Murder of Roger Ackroyd Roger Ackroyd Dr. James Sheppard
39%
After the Funeral Cora Lansquenet Miss Gilchrist
39%
Three Act Tragedy Reverend Babbington Mr Charles Cartwright
39%
Evil Under the sun Arlena Stuart Marshall Patrick Redfern
39%
Dead Mans Folly Marlene Tucker Hattie Stubbs
35%
Hallowe'en Party Joyce Reynolds Rowena Drake
27%
Cat Among the Pigeons Miss Grace Springer Anne Shapland
25%
The Mystery of the Blue Train Ruth Kettering Major Richard Knighton
25%
The Clocks Quentin Duguesclin Josiah Bland
22%
No matching quizzes found
Score Distribution
Percent of People with Each Score
Percentile by Number Answered
Your Score History
You have not taken this quiz since the last reset